00383pab a2200133 454500008004000000100001800040245008200058260000900140300001300149362001100162650001900173700002300192773003400215180718b2012 xxu||||| |||| 00| 0 eng d aEapen, Mridul aReview of women's studies: Gendering the twelfth plan: A feminist perspective c2012 ap.42-49. a28 Apr aWomens studies aMehta, Aasha Kapur aEconomic and Political Weekly